000 00406nam a2200181Ia 4500
001 16827
005 20260306170339.0
008 260306t2011||||xx |||||||||||||| ||und||
041 _aESP
082 _a657
_bZ55G
100 _aZeballos Zeballos, Erly
_eAUT
245 0 _aContabilidad general
260 _c2011
300 _a
_c24 cm.
650 _aGEN
654 _aCCO
942 _cLIB
_dJUS
_fJUS
_2ddc
_n
999 _c16827
_d16827